<?xml version="1.0" encoding="UTF-8"?>
<record
    xmlns:xsi="http://www.w3.org/2001/XMLSchema-instance"
    xsi:schemaLocation="http://www.loc.gov/MARC21/slim http://www.loc.gov/standards/marcxml/schema/MARC21slim.xsd"
    xmlns="http://www.loc.gov/MARC21/slim">

  <leader>00281nam a22000977a 4500</leader>
  <controlfield tag="008">240219b        |||||||| |||| 00| 0 eng d</controlfield>
  <datafield tag="082" ind1=" " ind2=" ">
    <subfield code="a">A ADAF Ej.1</subfield>
  </datafield>
  <datafield tag="100" ind1="1" ind2="0">
    <subfield code="a">Adams, Jennifer</subfield>
    <subfield code="e">autor</subfield>
    <subfield code="9">42279</subfield>
  </datafield>
  <datafield tag="245" ind1=" " ind2=" ">
    <subfield code="a">El primer libro de anatom&#xED;a:</subfield>
    <subfield code="b">Frankenstein / </subfield>
    <subfield code="c">Jennifer Adams</subfield>
  </datafield>
  <datafield tag="942" ind1=" " ind2=" ">
    <subfield code="2">ddc</subfield>
  </datafield>
  <datafield tag="999" ind1=" " ind2=" ">
    <subfield code="c">30617</subfield>
    <subfield code="d">17001</subfield>
  </datafield>
  <datafield tag="952" ind1=" " ind2=" ">
    <subfield code="0">0</subfield>
    <subfield code="1">0</subfield>
    <subfield code="2">ddc</subfield>
    <subfield code="4">0</subfield>
    <subfield code="6">A_ADAF_EJ_1_000000000000000</subfield>
    <subfield code="7">0</subfield>
    <subfield code="9">17936</subfield>
    <subfield code="a">Biblored</subfield>
    <subfield code="b">CPL</subfield>
    <subfield code="c">CHILD</subfield>
    <subfield code="d">2024-02-19</subfield>
    <subfield code="l">3</subfield>
    <subfield code="o">A ADAF Ej.1</subfield>
    <subfield code="p">35714005547960</subfield>
    <subfield code="r">2024-04-01 00:00:00</subfield>
    <subfield code="s">2024-04-01</subfield>
    <subfield code="w">2024-02-19</subfield>
    <subfield code="x">sucio </subfield>
    <subfield code="y">BK</subfield>
    <subfield code="z">Material Interbibliotecario BibloRed</subfield>
  </datafield>
</record>
